EUROfondy aktuálne a prehľadné informácie o fondoch EÚ

Bibliographic Details
Other Authors: Kizek, Jaroslav (Publishing director)
Format: Journal
Language:Slovak
PhysicalDescription:1 zv. 30 cm
Published: Žilina Poradca podnikateľa 2008
ISSN:1337-6802
Subjects:

MARC

LEADER 00000cas a2200000 a 4500
001 vtls009178922
003 SK-MaSNL
005 20260228161124.0
008 080129d20082008xo mr p 0 b0slo
022 |a 1337-6802 
035 |a (SVKBB)vtls000281872 
040 |a SVKBB  |b slo  |c SVKBB  |d SAVUK  |d SNK  |e AACR2 
041 0 |a slo 
043 |a e------ 
044 |a xo  |c SK 
072 7 |a 339.7/.9  |x Svetová ekonomika a medzinárodné financie  |2 konspekt 
080 |a 339.926  |2 2011 
080 |a 332.14  |2 2011 
080 |a 050  |2 2011 
080 |a (051)-048.55  |2 2011 
210 0 |a Eurofondy 
222 |a Eurofondy 
245 0 0 |a EUROfondy  |b aktuálne a prehľadné informácie o fondoch EÚ 
246 1 3 |a Euro fondy 
260 |a Žilina  |b Poradca podnikateľa  |c 2008 
300 |a 1 zv.  |c 30 cm 
310 |a 1x mesačne 
362 0 |a Č. 1 (jan. 2008) - č. 11 (dec. 2008) 
500 |a Podnázov v tiráži: mesačník venovaný štrukturálnym fondom EÚ a iným podporným programom v SR ; mesačník venovaný štrukturálnym fondom EÚ a iným podporným programom 
500 |a Šéfredaktor: 1/2008-11/2008, Jaroslav Kizek 
500 |a Reg. číslo: 3882/2008 
515 |a Mesiace júl, august vyšli ako dvojčíslo 
610 2 7 |a Európska únia  |2 SNKKA  |9 29861 
650 0 7 |a štrukturálne fondy  |2 SNKPH  |9 4193 
650 0 7 |a regionálna politika  |2 SNKPH  |9 2351 
655 7 |a špecializované časopisy  |2 SNKPH  |9 70509 
700 1 |a Kizek, Jaroslav  |4 pbd  |9 268024 
852 |a Štátna vedecká knižnica v Banskej Bystrici 
910 |a savuk 
910 |a snk 
999 |c 4396  |d 6326 
952 |0 0  |1 0  |4 0  |7 0  |8 0  |a SNK  |b SNK  |d 2019-04-30  |i snk2019/12270  |l 0  |o snkČSB 7075/2008/1  |p 17A1366552  |r 2026-02-21 21:59:40  |t č. 1-6  |w 2026-02-21  |y PREZ 
952 |0 0  |1 0  |4 0  |7 0  |8 0  |a SNK  |b SNK  |d 2019-04-30  |i snk2019/12273  |l 0  |o snkČSB 7075/2008/1 D1  |p 17A1366553  |r 2026-02-21 21:59:40  |t č. 1-6  |w 2026-02-21  |y PREZ 
952 |0 0  |1 0  |4 0  |7 0  |8 0  |a SNK  |b SNK  |d 2019-04-30  |i snk2019/12274  |l 0  |o snkČSB 7075/2008/2  |p 17A1366554  |r 2026-02-21 21:59:44  |t č. 7-11  |w 2026-02-21  |y PREZ 
952 |0 0  |1 0  |4 0  |7 0  |8 0  |a SNK  |b SNK  |d 2019-04-30  |i snk2019/12275  |l 0  |o snkČSB 7075/2008/2 D1  |p 17A1366555  |r 2026-02-21 21:59:44  |t č. 7-11  |w 2026-02-21  |y PREZ